000 00569nam a2200229Ia 4500
003 OSt
005 20220924135825.0
006 a|||||r|||| 00| 0
007 ta
008 220923b |||||||| |||| 00| 0 ben d
024 _a292714
037 _cTextual
040 _aARTS
_cARTS
_bben
041 _2ben
_aben
082 _aO15,1M821w, N4
100 _aAsghar Saikat
_9210739
245 0 _aGurusaday Dutta
260 _c1994
650 _aBENGALI LITERATURE
942 _hO15,1M821w, N4
_cTEXL
_2CC
999 _c442108
_d442108